000 00586nam a2200181Ia 4500
003 GCL
008 140319s9999 xx 000 0 ara d
040 _aGCL /
_cGCL
082 0 4 _a070.172
_bس ص
100 1 _aسامى ذبيان
245 1 0 _aالصحافة اليومية والاعلام : الموضوع والتقنية والتنفيذ /
_cسامى ذبيان
260 _a[S.N] :
_bدار المسيرة للنشر والتوزيع والطباعة ،
_c1987
300 _a428 ص
490 _a
650 0 4 _aالصحافة
650 0 4 _aالاعلام
942 _2ddc
_cBK
999 _c53342
_d53342